000 00389nam a22001457a 4500
008 250520b |||||||| |||| 00| 0 eng d
020 _a9781788164238
050 _aQL785
_b.S34
100 _aSafina Carl
245 _aBeyond Words: What Animals Think and Feel
260 _aLondon
_bSouvenir Press
_c2020
300 _a461p.
650 _aAnimal Psychology
_vAnimal Behaviour
942 _cBK
999 _c3565
_d3565